| 000 | 00634cam a22001815a 4500 | ||
|---|---|---|---|
| 001 | ##J100659 | ||
| 008 | 000000s1868 000 0 eng u | ||
| 035 | _a(Sirsi) u100659 | ||
| 041 | 0 | _aeng | |
| 050 | 0 | 4 | _a333.0062 $2 18 |
| 110 | 2 |
_aSurveyors' Institution _93783 |
|
| 245 | 0 | 0 |
_aInstitution of Surveyors _bminutes of a meeting held at the Westminster Palace Hotel on Monday March 23rd 1868 |
| 260 |
_a[S.l.] _b[s.n.] _c1868 |
||
| 300 |
_a14p. _c32cm. |
||
| 520 | _aA report committee's handwritten minutes in a ruled exercise book. | ||
| 690 | _aABOUT RICS-RICS STRUCTURE AND GOVERNANCE-RICS BOARDS AND COMMITTEES | ||
| 942 | _n0 | ||
| 999 |
_c99743 _d99743 |
||